• 首页
  • 本馆介绍
  • 公告通知
  • 最新文献
  • 馆藏检索
  • 电子资源
  • 读者导购
  • 参考咨询
  • 我的图书馆
  • 登录
  • 详细信息显示
  • 放入我的书架
  • 预约/预借图书
  • 作者相关作品
  • 分类相关作品
  • 丛书相关作品
  • 出版社相关作品

书目信息

  • 表格格式
  • 工作单格式
  • 卡片格式
题名:
为自由辨
    
 
作者: 洪信子 著 ;李晶 , 黄芝美 译
分册:  
出版信息: 上海   文汇出版社  2012
页数: 13, 221页
开本: 21cm
丛书名:
单 册:
中图分类: K833.126.576=6
科图分类:
主题词: 舞蹈家--自传--韩国--现代
电子资源:
ISBN: 978-7-5496-0575-0
000 00894nam0 2200265 450
001 337943
005 20150601084405.75
010    @a978-7-5496-0575-0@dCNY25.00
100    @a20121211d2012 em y0chiy50 ea
101 1  @achi@ckor
102    @aCN@b310000
105    @aa z 000ya
106    @ar
200 1  @a为自由辨@Awei zi you bian@f(韩) 洪信子著@g李晶,(韩)黄芝美译
210    @a上海@c文汇出版社@d2012
215    @a13, 221页@c照片@d21cm
330    @a本书概括了洪信子老师的舞蹈和灵魂成长之旅、爱情、婚姻、生活等, 展现一个女性在舞台上和生活上的精彩人生。
606 0  @a舞蹈家@x自传@y韩国@z现代
610 0  @a洪信子(女,1940-)
690    @aK833.126.576=6@v5
701  0 @c(韩)@a洪信子@Ahong xin zi@c(女, @f1940)@4著
702  0 @a李晶@Ali jing@c(女, 作家)@4译
702  0 @c(韩)@a黄芝美@Ahuang zhi mei@c(女)@4译
801  0 @aCN@b卓展宏图@c20150525
905    @dK833.126.576=6@e741HX@f4
    
    为自由辨/(韩) 洪信子著/李晶,(韩)黄芝美译.-上海:文汇出版社,2012
    13, 221页:照片;21cm
    
    
    ISBN 978-7-5496-0575-0:CNY25.00
    本书概括了洪信子老师的舞蹈和灵魂成长之旅、爱情、婚姻、生活等, 展现一个女性在舞台上和生活上的精彩人生。
●
相关链接 在E读中查询图书 在五车中查询图书 在当当中查询图书 在豆瓣中查询图书


正题名:为自由辨     索取号:K833.126.576=6/741HX         预约/预借

序号 登录号 条形码 馆藏地/架位号 状态 备注
1 856792   208567923   第二样本阅览室/ [索取号:K833.126.576=6/741HX] 在馆    
2 856793   208567932   第二借阅区/ [索取号:K833.126.576=6/741HX] 在馆    
3 856794   208567941   第二借阅区/ [索取号:K833.126.576=6/741HX] 在馆    
4 856795   208567950   第二借阅区/ [索取号:K833.126.576=6/741HX] 在馆    
唐山师范学院图书馆 欢迎您!
大连网信软件有限公司© 版权所有